Click the number - Statistics

General Stats
  • This quiz has been taken 42 times
  • The average score is 5 of 11
Answer Stats
Hint Answer % Correct
What is the result of dividing any number by itself? 1
83%
How many metres is a decametre? 10
77%
How many rings are there on the Olympic flag? 5
77%
What is the third number in Pi? 4
71%
How many primary colors are there? 3
63%
How many books are in the Harry Potter series? 7
51%
Whats all the known numbers added together? 0
46%
Whats the first prime number? 2
43%
What is the only positive integer that is equal to the sum of the digits of its cube? 9
9%
What number shirt did West Ham United retire in honour of Bobby Moore? 6
6%
How many queens has England had? (not the wife of a king, and since medieval times) 8
3%
No matching quizzes found
Score Distribution
Percent of People with Each Score
Percentile by Number Answered
Your Score History
You have not taken this quiz